Don quijote de la mancha (selección) /
Guardado en:
| Autor Principal: | |
|---|---|
| Formato: | Libro |
| Publicado: |
Buenos Aires :
Colihue,
1994
|
| Materias: | |
| Etiquetas: |
Agregar Etiqueta
Sin Etiquetas, Sea el primero en etiquetar este registro!
|
| LEADER | 01320nam a22003015a 4500 | ||
|---|---|---|---|
| 001 | CEM.cems016293 | ||
| 008 | 130507s1994##################000#0#####d | ||
| 005 | 20260413093321.0 | ||
| 245 | 1 | 0 | |a Don quijote de la mancha (selección) / |c Miguel de Cervantes Saavedra, |
| 260 | |a Buenos Aires : |b Colihue, |c 1994 | ||
| 300 | |a 260 p. | ||
| 020 | |a 7ªreimpr.950581048417ªreimpr.97898759004829875900482 | ||
| 100 | 1 | |a Cervantes Saavedra, Miguel de (1547-1616) | |
| 082 | 0 | 4 | |a 863.3 |
| 653 | |a Literatura | ||
| 653 | |a Literatura española | ||
| 653 | |a Novela española-siglo de oro | ||
| 653 | |a Narrativa | ||
| 653 | |a Narrativa española | ||
| 859 | |a CEMS |b BIB. CEMS - Agricultura |h 863.3 |i C337-1 |p A18208.95 |t Ej.1 | ||
| 859 | |a CEMS |b BIB. CEMS - Agricultura |h 863.3 |i C337-1 |p A0679.07 |t Ej.3 | ||
| 859 | |a CEMS |b BIB. CEMS - Agricultura |h 863.3 |i C337-1 |p A0680.07 |t Ej.4 | ||
| 859 | |a CEMS |b BIB. CEMS - Agricultura |h 863.3 |i C337-1 |p A0681.07 |t Ej.5 | ||
| 859 | |a CEMS |b BIB. CEMS - Agricultura |h 863.3 |i C337-1 |p A4010.25 |t Ej.6 | ||
| 859 | |a CEMS |b BIB. CEMS - Agricultura |h 863.3 |i C337-1 |p A4011.25 |t Ej.7 | ||
| 859 | |a CEMS |b BIB. CEMS - Agricultura |h 863.3 |i C337-1 |p A4012.25 |t Ej.8 | ||
| 859 | |a CEMS |b BIB. CEMS - Agricultura |h 863.3 |i C337-1 |p A4087.26 |t Ej.9 | ||
| 859 | |a CEMS |b BIB. CEMS - Agricultura |h 863.3 |i C337-1 |p A0678.07 |t Ej.2 |v 1 |3 Vol. 1 | ||
